[Event "Team Championship of Russia (rapid)"]
[Site "Sochi"]
[Date "2015.05.09"]
[Round "5.11"]
[White "Timofeev, Artyom"]
[Black "Usmanov, Vasily"]
[Result "1/2-1/2"]
[LiveChessVersion "1.4.4"]
[BlackElo "2526"]
[WhiteElo "2588"]
[WhiteTeam "Ladya"]

1. c4 {[%clk 0:15:17]} e6 {[%clk 0:15:04]} 2. Nc3 {[%clk 0:15:23]} d5
{[%clk 0:15:10]} 3. d4 {[%clk 0:15:29]} Nf6 {[%clk 0:15:18]} 4. Bg5
{[%clk 0:15:34]} Be7 {[%clk 0:15:26]} 5. e3 {[%clk 0:15:40]} Nbd7
{[%clk 0:15:15]} 6. Rc1 {[%clk 0:15:36]} c6 {[%clk 0:15:13]} 7. Bd3
{[%clk 0:15:25]} O-O {[%clk 0:14:38]} 8. Nf3 {[%clk 0:15:27]} h6 {[%clk 0:14:41]}
9. Bh4 {[%clk 0:15:32]} dxc4 {[%clk 0:13:57]} 10. Bxc4 {[%clk 0:15:38]} b5
{[%clk 0:14:06]} 11. Bd3 {[%clk 0:14:05]} Bb7 {[%clk 0:14:13]} 12. O-O
{[%clk 0:13:15]} a6 {[%clk 0:14:17]} 13. Bb1 {[%clk 0:09:15]} c5 {[%clk 0:11:13]}
14. dxc5 {[%clk 0:09:21]} Nxc5 {[%clk 0:11:19]} 15. Qc2 {[%clk 0:09:26]} g5
{[%clk 0:11:24]} 16. Bg3 {[%clk 0:09:10]} b4 {[%clk 0:11:28]} 17. Ne2
{[%clk 0:07:53]} Be4 {[%clk 0:11:29]} 18. Qd2 {[%clk 0:06:12]} Qxd2
{[%clk 0:10:53]} 19. Nxd2 {[%clk 0:06:20]} Bxb1 {[%clk 0:11:01]} 20. Rxb1
{[%clk 0:06:27]} Nfe4 {[%clk 0:11:07]} 21. Nc4 {[%clk 0:05:36]} Nxg3
{[%clk 0:11:05]} 22. Nxg3 {[%clk 0:05:20]} Rad8 {[%clk 0:10:40]} 23. Rfd1
{[%clk 0:05:23]} Rxd1+ {[%clk 0:10:40]} 24. Rxd1 {[%clk 0:05:31]} Rd8
{[%clk 0:10:47]} 25. Rxd8+ {[%clk 0:05:35]} Bxd8 {[%clk 0:10:55]} 26. Kf1
{[%clk 0:05:29]} Bf6 {[%clk 0:10:51]} 27. b3 {[%clk 0:05:19]} Nd3
{[%clk 0:10:40]} 28. Ne4 {[%clk 0:04:43]} Be7 {[%clk 0:10:20]} 29. Na5
{[%clk 0:03:54]} f5 {[%clk 0:09:28]} 30. Nc6 {[%clk 0:03:56]} Kf7
{[%clk 0:09:33]} 31. Nd2 {[%clk 0:04:03]} Nc1 {[%clk 0:08:42]} 32. Nb8
{[%clk 0:03:26]} Bd6 {[%clk 0:07:23]} 33. Nxa6 {[%clk 0:03:30]} Nxa2
{[%clk 0:07:31]} 34. Nc4 {[%clk 0:03:36]} Ke7 {[%clk 0:07:39]} 35. Ke2
{[%clk 0:02:20]} Nc1+ {[%clk 0:02:59]} 1/2-1/2

[Event "Team Championship of Russia (rapid)"]
[Site "Sochi"]
[Date "2015.05.09"]
[Round "5.12"]
[White "Palchun, Grigory"]
[Black "Sharafiev, Azat"]
[Result "0-1"]
[LiveChessVersion "1.4.4"]
[BlackElo "2674"]
[WhiteElo "2330"]
[BlackTeam "Ladya"]

1. d4 {[%clk 0:15:19]} Nf6 {[%clk 0:15:19]} 2. Nf3 {[%clk 0:15:27]} g6
{[%clk 0:15:22]} 3. Bf4 {[%clk 0:15:36]} Bg7 {[%clk 0:15:31]} 4. e3
{[%clk 0:15:45]} O-O {[%clk 0:15:38]} 5. Be2 {[%clk 0:15:54]} d6 {[%clk 0:15:47]}
6. h3 {[%clk 0:16:04]} Nbd7 {[%clk 0:15:47]} 7. c4 {[%clk 0:16:05]} c5
{[%clk 0:15:40]} 8. Nc3 {[%clk 0:16:12]} b6 {[%clk 0:14:15]} 9. d5
{[%clk 0:16:17]} a6 {[%clk 0:14:19]} 10. a4 {[%clk 0:16:14]} Rb8 {[%clk 0:13:37]}
11. O-O {[%clk 0:16:17]} Ne8 {[%clk 0:13:45]} 12. Qd2 {[%clk 0:15:38]} f5
{[%clk 0:13:41]} 13. Rfe1 {[%clk 0:15:16]} h6 {[%clk 0:13:37]} 14. h4
{[%clk 0:14:57]} Nef6 {[%clk 0:13:23]} 15. Bd3 {[%clk 0:14:55]} Nh5
{[%clk 0:13:27]} 16. Bh2 {[%clk 0:14:51]} Qe8 {[%clk 0:13:33]} 17. Rad1
{[%clk 0:13:09]} Kh8 {[%clk 0:13:28]} 18. Ne2 {[%clk 0:13:04]} Ndf6
{[%clk 0:13:12]} 19. Nf4 {[%clk 0:12:35]} Nxf4 {[%clk 0:13:12]} 20. Bxf4
{[%clk 0:12:17]} Ne4 {[%clk 0:06:43]} 21. Qc2 {[%clk 0:12:05]} Bd7
{[%clk 0:06:51]} 22. b3 {[%clk 0:09:39]} b5 {[%clk 0:06:32]} 23. axb5
{[%clk 0:09:05]} axb5 {[%clk 0:06:40]} 24. Bxe4 {[%clk 0:08:37]} fxe4
{[%clk 0:06:49]} 25. Nd2 {[%clk 0:08:45]} bxc4 {[%clk 0:06:54]} 26. Nxc4
{[%clk 0:08:44]} Bf5 {[%clk 0:06:43]} 27. Rb1 {[%clk 0:08:16]} Rb4
{[%clk 0:06:33]} 28. Qd1 {[%clk 0:07:29]} Qb5 {[%clk 0:06:26]} 29. g4
{[%clk 0:07:10]} Bd7 {[%clk 0:06:35]} 30. Kh2 {[%clk 0:03:31]} Rb8
{[%clk 0:06:01]} 31. Qc2 {[%clk 0:03:40]} Bxg4 {[%clk 0:04:43]} 32. Qxe4
{[%clk 0:03:49]} Bf5 {[%clk 0:03:59]} 33. Qxe7 {[%clk 0:03:57]} Bxb1
{[%clk 0:03:43]} 34. Nxd6 {[%clk 0:02:54]} Qd3 {[%clk 0:02:52]} 35. Nf7+
{[%clk 0:02:08]} Kh7 {[%clk 0:02:51]} 36. Bxb8 {[%clk 0:02:10]} Rxb8
{[%clk 0:02:43]} 37. d6 {[%clk 0:02:18]} Qf5 {[%clk 0:02:39]} 38. Rxb1
{[%clk 0:01:22]} Qxf2+ {[%clk 0:02:08]} 39. Kh1 {[%clk 0:01:30]} Rb4
{[%clk 0:02:09]} 0-1

[Event "Team Championship of Russia (rapid)"]
[Site "Sochi"]
[Date "2015.05.09"]
[Round "5.13"]
[White "Iljin, Artem"]
[Black "Zvjaginsev, Vadim"]
[Result "1/2-1/2"]
[LiveChessVersion "1.4.4"]
[BlackElo "2799"]
[WhiteElo "2506"]
[BlackTeam "SHSM-Our Heritage-2"]
[WhiteTeam "Ladya-2"]

1. Nf3 {[%clk 0:15:14]} c5 {[%clk 0:15:12]} 2. c4 {[%clk 0:15:20]} g6
{[%clk 0:15:18]} 3. d4 {[%clk 0:15:05]} cxd4 {[%clk 0:15:26]} 4. Nxd4
{[%clk 0:15:13]} Nf6 {[%clk 0:15:35]} 5. Nc3 {[%clk 0:14:46]} d5 {[%clk 0:15:43]}
6. cxd5 {[%clk 0:14:27]} Nxd5 {[%clk 0:15:51]} 7. Ndb5 {[%clk 0:14:31]} Nxc3
{[%clk 0:15:59]} 8. Qxd8+ {[%clk 0:14:38]} Kxd8 {[%clk 0:16:08]} 9. Nxc3
{[%clk 0:14:43]} Bg7 {[%clk 0:16:16]} 10. Bd2 {[%clk 0:14:44]} Be6
{[%clk 0:15:58]} 11. g3 {[%clk 0:14:31]} Nc6 {[%clk 0:15:59]} 12. Bg2
{[%clk 0:14:38]} Rc8 {[%clk 0:15:45]} 13. O-O {[%clk 0:13:21]} Ke8
{[%clk 0:15:46]} 14. Rac1 {[%clk 0:12:39]} f5 {[%clk 0:15:35]} 15. Nd5
{[%clk 0:10:26]} Kf7 {[%clk 0:15:17]} 16. Bc3 {[%clk 0:10:33]} Rhd8
{[%clk 0:12:22]} 17. Rfd1 {[%clk 0:10:28]} Bxc3 {[%clk 0:11:16]} 18. Nxc3
{[%clk 0:09:58]} Rxd1+ {[%clk 0:11:20]} 19. Rxd1 {[%clk 0:10:07]} Na5
{[%clk 0:10:58]} 20. e4 {[%clk 0:07:23]} b6 {[%clk 0:10:25]} 21. exf5
{[%clk 0:07:30]} gxf5 {[%clk 0:10:34]} 22. Bd5 {[%clk 0:06:52]} Nc4
{[%clk 0:10:20]} 23. b3 {[%clk 0:03:57]} Ne3 {[%clk 0:05:51]} 24. Bxe6+
{[%clk 0:03:41]} Kxe6 {[%clk 0:05:59]} 25. Rd3 {[%clk 0:03:40]} Ng4
{[%clk 0:05:53]} 26. h3 {[%clk 0:02:30]} Nf6 {[%clk 0:06:01]} 27. Kg2
{[%clk 0:01:50]} a6 {[%clk 0:05:26]} 1/2-1/2

[Event "Team Championship of Russia (rapid)"]
[Site "Sochi"]
[Date "2015.05.09"]
[Round "5.14"]
[White "Dubov, Daniil"]
[Black "Rodchenkov, Sergey D."]
[Result "1-0"]
[LiveChessVersion "1.4.4"]
[BlackElo "2299"]
[WhiteElo "2686"]
[BlackTeam "Ladya-2"]
[WhiteTeam "SHSM-Our Heritage-2"]

1. Nf3 {[%clk 0:15:19]} d5 {[%clk 0:15:14]} 2. c4 {[%clk 0:15:28]} c6
{[%clk 0:15:22]} 3. e3 {[%clk 0:15:37]} Nf6 {[%clk 0:15:25]} 4. Nc3
{[%clk 0:15:47]} e6 {[%clk 0:15:30]} 5. d4 {[%clk 0:15:54]} Nbd7 {[%clk 0:15:24]}
6. Qc2 {[%clk 0:16:02]} Bd6 {[%clk 0:15:23]} 7. Be2 {[%clk 0:16:11]} dxc4
{[%clk 0:15:18]} 8. a4 {[%clk 0:16:20]} O-O {[%clk 0:15:21]} 9. O-O
{[%clk 0:16:28]} e5 {[%clk 0:15:22]} 10. Bxc4 {[%clk 0:16:30]} Qe7
{[%clk 0:15:31]} 11. h3 {[%clk 0:16:33]} a5 {[%clk 0:12:24]} 12. Bb3
{[%clk 0:16:32]} Bb4 {[%clk 0:11:46]} 13. dxe5 {[%clk 0:15:54]} Nxe5
{[%clk 0:11:54]} 14. Nd4 {[%clk 0:16:03]} g6 {[%clk 0:11:18]} 15. e4
{[%clk 0:15:57]} Ned7 {[%clk 0:11:02]} 16. Bg5 {[%clk 0:15:38]} Qc5
{[%clk 0:08:54]} 17. Nf3 {[%clk 0:15:44]} Nh5 {[%clk 0:08:32]} 18. Be3
{[%clk 0:14:59]} Qe7 {[%clk 0:08:34]} 19. Bh6 {[%clk 0:15:07]} Ng7
{[%clk 0:08:20]} 20. Rad1 {[%clk 0:14:11]} Nc5 {[%clk 0:08:25]} 21. Ba2 Be6
{[%clk 0:08:03]} 22. e5 {[%clk 0:13:35]} Rfe8 {[%clk 0:07:18]} 23. Bg5
{[%clk 0:11:30]} Qf8 {[%clk 0:06:34]} 24. Bxe6 {[%clk 0:11:27]} Ngxe6
{[%clk 0:05:49]} 25. Bf6 {[%clk 0:11:29]} Qh6 {[%clk 0:05:27]} 26. Ne2
{[%clk 0:11:10]} Rac8 {[%clk 0:05:13]} 27. Nh2 {[%clk 0:11:09]} Qf8
{[%clk 0:04:52]} 28. Ng4 {[%clk 0:10:55]} h5 {[%clk 0:04:56]} 29. Ne3
{[%clk 0:11:04]} Rc7 {[%clk 0:04:26]} 30. Ng3 {[%clk 0:10:31]} Nd7 31. Bh4
{[%clk 0:09:40]} Qc5 {[%clk 0:03:39]} 32. Qb1 {[%clk 0:08:47]} Qxe5
{[%clk 0:02:57]} 33. Ne4 {[%clk 0:08:56]} f5 {[%clk 0:03:06]} 34. Bg3
{[%clk 0:08:06]} Nf4 {[%clk 0:02:45]} 35. Bxf4 {[%clk 0:07:57]} Qxf4
{[%clk 0:02:53]} 36. Rxd7 {[%clk 0:08:06]} Rxe4 {[%clk 0:02:11]} 37. Qa2+
{[%clk 0:08:15]} Kh8 {[%clk 0:02:10]} 38. g3 {[%clk 0:07:29]} Qe5
{[%clk 0:02:15]} 39. Nc4 {[%clk 0:07:34]} Rxd7 {[%clk 0:02:21]} 40. Nxe5
{[%clk 0:07:42]} Rxe5 {[%clk 0:02:29]} 41. Qc4 {[%clk 0:07:25]} Kg7
{[%clk 0:02:34]} 42. Kg2 {[%clk 0:07:15]} Rd2 {[%clk 0:02:40]} 43. Qf4
{[%clk 0:07:15]} Ree2 {[%clk 0:02:41]} 44. Qc7+ {[%clk 0:07:13]} Re7
{[%clk 0:02:49]} 45. Qb6 {[%clk 0:06:58]} Kf6 {[%clk 0:02:51]} 46. b3
{[%clk 0:06:40]} Kg7 {[%clk 0:02:44]} 47. Rc1 {[%clk 0:06:35]} Kf6
{[%clk 0:02:52]} 48. Rc4 {[%clk 0:05:54]} Ree2 {[%clk 0:02:54]} 49. Rf4
{[%clk 0:05:59]} Re7 {[%clk 0:02:21]} 50. g4 {[%clk 0:05:47]} hxg4
{[%clk 0:02:25]} 51. hxg4 {[%clk 0:05:56]} Kg5 {[%clk 0:02:35]} 52. Rd4
{[%clk 0:04:59]} Rxd4 {[%clk 0:01:52]} 53. Qxd4 {[%clk 0:05:07]} fxg4
{[%clk 0:01:31]} 54. Kg3 {[%clk 0:05:13]} Kf5 {[%clk 0:01:34]} 55. Qf4+
{[%clk 0:05:09]} Ke6 {[%clk 0:01:42]} 56. Kxg4 {[%clk 0:05:18]} Rf7
{[%clk 0:01:48]} 57. Qc4+ {[%clk 0:05:01]} Kf6 {[%clk 0:01:57]} 58. Qd4+
{[%clk 0:05:10]} Ke6 {[%clk 0:02:03]} 59. Kg5 {[%clk 0:05:09]} Be7+
{[%clk 0:00:48]} 60. Kxg6 {[%clk 0:05:15]} Rf6+ {[%clk 0:00:57]} 61. Kh5
{[%clk 0:05:21]} b6 {[%clk 0:01:00]} 62. Qxb6 {[%clk 0:05:13]} Kd7
{[%clk 0:00:57]} 63. Qxa5 {[%clk 0:05:17]} 1-0

[Event "Team Championship of Russia (rapid)"]
[Site "Sochi"]
[Date "2015.05.09"]
[Round "5.15"]
[White "Gerasimov, Ivan"]
[Black "Potkin, Vladimir"]
[Result "1/2-1/2"]
[LiveChessVersion "1.4.4"]
[BlackElo "2676"]
[WhiteElo "2311"]
[BlackTeam "SHSM-Our Heritage-2"]
[WhiteTeam "Ladya-2"]

1. e4 {[%clk 0:15:17]} e6 {[%clk 0:15:18]} 2. d4 {[%clk 0:15:21]} d5
{[%clk 0:15:26]} 3. Nd2 {[%clk 0:15:23]} c5 {[%clk 0:15:34]} 4. exd5
{[%clk 0:15:30]} Qxd5 {[%clk 0:15:42]} 5. Ngf3 {[%clk 0:15:38]} cxd4
{[%clk 0:15:49]} 6. Bc4 {[%clk 0:15:44]} Qd6 {[%clk 0:15:50]} 7. O-O
{[%clk 0:15:52]} Nf6 {[%clk 0:15:57]} 8. Nb3 {[%clk 0:16:00]} Nc6
{[%clk 0:16:04]} 9. Nbxd4 {[%clk 0:16:05]} Nxd4 {[%clk 0:16:12]} 10. Qxd4
{[%clk 0:14:10]} Qxd4 {[%clk 0:16:19]} 11. Nxd4 {[%clk 0:14:19]} Bd7
{[%clk 0:16:21]} 12. c3 {[%clk 0:13:23]} Bc5 {[%clk 0:15:59]} 13. Rd1
{[%clk 0:12:30]} Rc8 {[%clk 0:13:45]} 14. Be2 {[%clk 0:12:37]} Ba4
{[%clk 0:12:17]} 15. b3 {[%clk 0:09:18]} Bd7 {[%clk 0:12:25]} 16. Bf3
{[%clk 0:09:27]} b5 {[%clk 0:12:08]} 17. Bf4 {[%clk 0:08:10]} O-O
{[%clk 0:07:52]} 18. Bb7 {[%clk 0:08:08]} Rcd8 {[%clk 0:08:00]} 19. Bc7
{[%clk 0:07:08]} Rde8 {[%clk 0:08:09]} 20. b4 {[%clk 0:06:09]} Be7
{[%clk 0:08:17]} 21. Nf3 {[%clk 0:05:02]} Nd5 {[%clk 0:07:13]} 22. Ne5
{[%clk 0:03:55]} Bc8 {[%clk 0:07:15]} 23. Bxd5 {[%clk 0:03:33]} exd5
{[%clk 0:07:24]} 24. Rxd5 {[%clk 0:03:42]} a6 {[%clk 0:03:46]} 25. f4
{[%clk 0:01:21]} Be6 {[%clk 0:03:03]} 26. Rd3 {[%clk 0:01:16]} Rc8
{[%clk 0:02:38]} 27. Bb6 {[%clk 0:01:25]} Rfe8 {[%clk 0:02:24]} 28. a4
{[%clk 0:01:13]} f6 {[%clk 0:02:32]} 29. Nf3 {[%clk 0:01:17]} Bf8
{[%clk 0:01:40]} 30. axb5 {[%clk 0:01:15]} axb5 {[%clk 0:01:49]} 31. Re1
{[%clk 0:00:50]} Bc4 {[%clk 0:01:52]} 32. Rde3 {[%clk 0:00:57]} Rxe3
{[%clk 0:01:56]} 33. Rxe3 {[%clk 0:01:06]} Kf7 {[%clk 0:01:42]} 34. Nd4
{[%clk 0:01:13]} g6 {[%clk 0:01:22]} 35. Kf2 {[%clk 0:01:14]} Bd6
{[%clk 0:00:42]} 36. g3 {[%clk 0:00:36]} Re8 {[%clk 0:00:38]} 37. Rxe8
{[%clk 0:00:36]} Kxe8 {[%clk 0:00:47]} 38. Bc5 {[%clk 0:00:39]} Bc7
{[%clk 0:00:56]} 39. Ke3 {[%clk 0:00:33]} Kd7 {[%clk 0:01:04]} 40. h4
{[%clk 0:00:37]} h5 {[%clk 0:01:02]} 41. Kf3 {[%clk 0:00:22]} Bd5+
{[%clk 0:01:09]} 42. Ke3 {[%clk 0:00:31]} Bc4 {[%clk 0:01:17]} 43. Nf3
{[%clk 0:00:33]} Ke6 {[%clk 0:01:24]} 44. Nd4+ {[%clk 0:00:23]} Kd7
{[%clk 0:01:10]} 45. Ke4 {[%clk 0:00:24]} Bb8 {[%clk 0:00:41]} 46. Nf3
{[%clk 0:00:20]} Ke6 {[%clk 0:00:46]} 47. Nd4+ {[%clk 0:00:17]} Kd7
{[%clk 0:00:55]} 48. f5 {[%clk 0:00:12]} gxf5+ {[%clk 0:00:59]} 49. Nxf5
{[%clk 0:00:17]} Be2 {[%clk 0:00:31]} 50. Bf2 {[%clk 0:00:20]} 1/2-1/2

[Event "Team Championship of Russia (rapid)"]
[Site "Sochi"]
[Date "2015.05.09"]
[Round "5.16"]
[White "Popov, Ivan"]
[Black "Torbin, Kirill"]
[Result "1-0"]
[LiveChessVersion "1.4.4"]
[BlackElo "2344"]
[WhiteElo "2701"]
[BlackTeam "Ladya-2"]
[WhiteTeam "SHSM-Our Heritage-2"]

1. e4 {[%clk 0:15:17]} c5 {[%clk 0:15:19]} 2. Nf3 {[%clk 0:15:25]} Nc6
{[%clk 0:15:27]} 3. Nc3 {[%clk 0:15:31]} Nf6 {[%clk 0:15:32]} 4. d4
{[%clk 0:15:37]} cxd4 {[%clk 0:15:40]} 5. Nxd4 {[%clk 0:15:45]} Qb6
{[%clk 0:15:46]} 6. Be3 {[%clk 0:15:35]} Qxb2 {[%clk 0:12:57]} 7. Ndb5
{[%clk 0:15:43]} Qb4 {[%clk 0:12:31]} 8. Bd2 {[%clk 0:15:52]} Kd8
{[%clk 0:12:20]} 9. Rb1 {[%clk 0:15:22]} Qc5 {[%clk 0:11:56]} 10. Be2
{[%clk 0:15:24]} d6 {[%clk 0:08:57]} 11. Be3 {[%clk 0:14:42]} Qe5
{[%clk 0:09:06]} 12. f4 {[%clk 0:14:49]} Qe6 {[%clk 0:09:15]} 13. Nd4
{[%clk 0:12:41]} Qd7 {[%clk 0:07:35]} 14. f5 {[%clk 0:10:46]} e6 {[%clk 0:05:45]}
15. fxe6 {[%clk 0:10:46]} fxe6 {[%clk 0:05:54]} 16. O-O {[%clk 0:10:46]} Be7
{[%clk 0:05:56]} 17. Bc4 {[%clk 0:09:14]} Nxd4 {[%clk 0:06:02]} 18. Qxd4
{[%clk 0:09:22]} a6 {[%clk 0:05:21]} 19. e5 {[%clk 0:09:08]} dxe5
{[%clk 0:05:12]} 20. Qxe5 {[%clk 0:09:16]} Ke8 {[%clk 0:05:11]} 21. Rb6
{[%clk 0:07:30]} Kf8 {[%clk 0:03:02]} 22. Bxe6 {[%clk 0:07:06]} Qe8
{[%clk 0:03:00]} 23. Rxf6+ {[%clk 0:06:56]} Bxf6 {[%clk 0:03:07]} 24. Bc5+
{[%clk 0:07:04]} 1-0

[Event "Team Championship of Russia (rapid)"]
[Site "Sochi"]
[Date "2015.05.09"]
[Round "5.17"]
[White "Alekseev, Evgeny"]
[Black "Yudin, Sergei"]
[Result "1-0"]
[LiveChessVersion "1.4.4"]
[BlackElo "2642"]
[WhiteElo "2801"]
[BlackTeam "Polytechnic"]
[WhiteTeam "University"]

1. e4 {[%clk 0:15:10]} d6 {[%clk 0:15:17]} 2. d4 {[%clk 0:15:17]} Nf6
{[%clk 0:15:25]} 3. Bd3 {[%clk 0:15:19]} e5 {[%clk 0:15:30]} 4. c3
{[%clk 0:15:21]} g6 {[%clk 0:15:08]} 5. f4 {[%clk 0:14:31]} Nc6 {[%clk 0:14:43]}
6. Nf3 {[%clk 0:14:09]} Bg7 {[%clk 0:14:02]} 7. fxe5 {[%clk 0:13:15]} dxe5
{[%clk 0:14:10]} 8. d5 {[%clk 0:13:21]} Nb8 {[%clk 0:13:56]} 9. c4
{[%clk 0:13:10]} O-O {[%clk 0:13:49]} 10. O-O {[%clk 0:13:15]} Nbd7
{[%clk 0:13:53]} 11. Nc3 {[%clk 0:13:15]} Qe7 {[%clk 0:13:35]} 12. Bg5
{[%clk 0:12:54]} h6 {[%clk 0:13:22]} 13. Bh4 {[%clk 0:12:59]} g5 {[%clk 0:13:27]}
14. Bf2 {[%clk 0:11:31]} Ng4 {[%clk 0:13:12]} 15. Nd2 {[%clk 0:11:09]} Nc5
{[%clk 0:12:46]} 16. Bc2 {[%clk 0:11:04]} a5 {[%clk 0:12:52]} 17. Qe2
{[%clk 0:10:59]} Nxf2 {[%clk 0:12:34]} 18. Rxf2 {[%clk 0:11:03]} c6
{[%clk 0:12:16]} 19. Nf1 {[%clk 0:10:48]} cxd5 {[%clk 0:12:13]} 20. cxd5
{[%clk 0:10:21]} Bd7 {[%clk 0:11:41]} 21. Ng3 {[%clk 0:10:18]} Rab8
{[%clk 0:11:47]} 22. Nf5 {[%clk 0:09:10]} Bxf5 {[%clk 0:11:53]} 23. Rxf5
{[%clk 0:09:19]} b5 {[%clk 0:11:58]} 24. Nd1 {[%clk 0:08:55]} Nb7
{[%clk 0:11:50]} 25. Ne3 {[%clk 0:08:48]} Nd6 {[%clk 0:11:59]} 26. Rff1
{[%clk 0:08:46]} Rbc8 {[%clk 0:11:59]} 27. Bd3 {[%clk 0:08:50]} b4
{[%clk 0:12:04]} 28. Kh1 {[%clk 0:08:46]} Rc7 {[%clk 0:12:02]} 29. Rae1
{[%clk 0:08:38]} a4 {[%clk 0:12:06]} 30. Qh5 {[%clk 0:08:36]} a3 {[%clk 0:11:52]}
31. b3 {[%clk 0:08:16]} Rc3 {[%clk 0:12:00]} 32. Bb1 {[%clk 0:08:24]} Rfc8
{[%clk 0:11:24]} 33. Ng4 {[%clk 0:08:24]} Kh7 {[%clk 0:11:30]} 34. h3
{[%clk 0:08:00]} R8c7 {[%clk 0:11:25]} 35. Kh2 {[%clk 0:08:05]} Qd8
{[%clk 0:11:30]} 36. Rf6 {[%clk 0:06:07]} Qxf6 {[%clk 0:10:57]} 37. Nxf6+
{[%clk 0:06:15]} Bxf6 {[%clk 0:11:05]} 38. Qe2 {[%clk 0:04:57]} Kg7
{[%clk 0:10:44]} 39. Qa6 {[%clk 0:04:38]} Be7 {[%clk 0:10:52]} 40. Qb6
{[%clk 0:04:06]} Rc1 {[%clk 0:10:03]} 41. Qxb4 {[%clk 0:03:03]} Nc4
{[%clk 0:09:17]} 42. Qb8 {[%clk 0:02:16]} Nd6 {[%clk 0:08:11]} 43. Rxc1
{[%clk 0:02:12]} Rxc1 {[%clk 0:08:20]} 44. Bd3 {[%clk 0:02:14]} Rc3
{[%clk 0:08:17]} 45. Qa7 {[%clk 0:01:57]} Bf8 {[%clk 0:08:14]} 46. Qa6
{[%clk 0:01:45]} h5 {[%clk 0:08:13]} 47. g3 {[%clk 0:01:33]} f5 {[%clk 0:07:37]}
48. exf5 {[%clk 0:01:31]} e4 {[%clk 0:07:43]} 49. Bxe4 {[%clk 0:01:20]} Nxe4
{[%clk 0:07:52]} 50. Qg6+ {[%clk 0:01:26]} Kh8 {[%clk 0:08:00]} 51. Qxh5+
{[%clk 0:01:25]} Kg8 {[%clk 0:08:05]} 52. Qg6+ {[%clk 0:01:34]} Kh8
{[%clk 0:08:14]} 53. Qe8 {[%clk 0:01:23]} Rc2+ {[%clk 0:08:22]} 54. Kg1
{[%clk 0:01:29]} Rc1+ {[%clk 0:08:29]} 55. Kg2 {[%clk 0:01:34]} Rc2+
{[%clk 0:08:37]} 56. Kf3 {[%clk 0:01:27]} Nd2+ {[%clk 0:08:06]} 57. Kg4
{[%clk 0:01:26]} Kg8 {[%clk 0:08:15]} 58. Qg6+ {[%clk 0:01:26]} Kh8
{[%clk 0:08:21]} 59. Qh5+ {[%clk 0:01:31]} Kg8 {[%clk 0:08:27]} 60. Qxg5+
{[%clk 0:01:37]} Kf7 {[%clk 0:08:34]} 61. Qg6+ {[%clk 0:01:44]} Ke7
{[%clk 0:08:43]} 62. f6+ {[%clk 0:01:51]} 1-0

[Event "Team Championship of Russia (rapid)"]
[Site "Sochi"]
[Date "2015.05.09"]
[Round "5.18"]
[White "Goganov, Aleksey"]
[Black "Landa, Konstantin"]
[Result "1-0"]
[LiveChessVersion "1.4.4"]
[BlackElo "2608"]
[WhiteElo "2500"]
[BlackTeam "University"]
[WhiteTeam "Polytechnic"]

1. Nf3 {[%clk 0:15:16]} d5 {[%clk 0:14:53]} 2. g3 {[%clk 0:15:24]} g6
{[%clk 0:14:48]} 3. Bg2 {[%clk 0:15:32]} Bg7 {[%clk 0:14:57]} 4. d4
{[%clk 0:15:41]} c6 {[%clk 0:15:03]} 5. O-O {[%clk 0:15:48]} Nf6 {[%clk 0:15:11]}
6. Nbd2 {[%clk 0:15:56]} O-O {[%clk 0:15:12]} 7. c4 {[%clk 0:16:03]} Bf5
{[%clk 0:14:54]} 8. b3 {[%clk 0:16:11]} Ne4 {[%clk 0:13:59]} 9. Bb2
{[%clk 0:16:15]} Nxd2 {[%clk 0:14:06]} 10. Nxd2 {[%clk 0:14:47]} Na6
{[%clk 0:13:28]} 11. a3 {[%clk 0:13:47]} Qd7 {[%clk 0:13:11]} 12. b4
{[%clk 0:13:05]} Nc7 {[%clk 0:11:08]} 13. Re1 {[%clk 0:10:55]} Rad8
{[%clk 0:07:45]} 14. e3 {[%clk 0:10:31]} Rfe8 {[%clk 0:07:38]} 15. Rc1
{[%clk 0:08:25]} Bh3 {[%clk 0:07:22]} 16. Bxh3 {[%clk 0:08:00]} Qxh3
{[%clk 0:07:30]} 17. cxd5 {[%clk 0:08:02]} Nxd5 {[%clk 0:07:25]} 18. Nc4
{[%clk 0:06:41]} e5 {[%clk 0:07:07]} 19. Qf3 {[%clk 0:06:47]} e4 {[%clk 0:06:17]}
20. Qg2 {[%clk 0:06:56]} Qe6 {[%clk 0:05:42]} 21. Na5 {[%clk 0:06:18]} Rd7
{[%clk 0:05:12]} 22. Qf1 {[%clk 0:06:12]} a6 {[%clk 0:04:17]} 23. Nb3
{[%clk 0:06:18]} Rde7 {[%clk 0:04:08]} 24. Nc5 {[%clk 0:06:22]} Qd6
{[%clk 0:04:14]} 25. Qc4 {[%clk 0:05:55]} Nb6 {[%clk 0:03:37]} 26. Qb3
{[%clk 0:06:02]} Qd5 {[%clk 0:03:46]} 27. Rc3 {[%clk 0:05:43]} Qxb3
{[%clk 0:03:31]} 28. Rxb3 {[%clk 0:05:48]} Nd5 {[%clk 0:03:23]} 29. a4
{[%clk 0:05:48]} Ra8 {[%clk 0:03:22]} 30. b5 {[%clk 0:05:31]} axb5
{[%clk 0:01:53]} 31. axb5 {[%clk 0:05:39]} b6 {[%clk 0:02:02]} 32. Na6
{[%clk 0:05:45]} cxb5 {[%clk 0:01:51]} 33. Nb4 {[%clk 0:05:53]} Rd7
{[%clk 0:01:45]} 34. Nc6 {[%clk 0:04:45]} Rc8 {[%clk 0:01:34]} 35. Rc1
{[%clk 0:04:35]} Bf8 {[%clk 0:00:42]} 36. Rxb5 {[%clk 0:04:30]} Kg7
{[%clk 0:00:44]} 37. Ne5 {[%clk 0:04:27]} Rxc1+ {[%clk 0:00:51]} 38. Bxc1
{[%clk 0:04:36]} Rc7 {[%clk 0:01:00]} 39. Rxd5 {[%clk 0:04:35]} Rxc1+ 40. Kg2 Rc7
{[%clk 0:00:52]} 41. g4 {[%clk 0:03:23]} f6 {[%clk 0:00:40]} 42. Rd7+
{[%clk 0:02:19]} Rxd7 {[%clk 0:00:43]} 43. Nxd7 {[%clk 0:02:28]} b5
{[%clk 0:00:28]} 44. Nxf8 {[%clk 0:02:36]} Kxf8 {[%clk 0:00:36]} 45. Kf1
{[%clk 0:02:46]} f5 {[%clk 0:00:15]} 46. gxf5 {[%clk 0:02:19]} gxf5
{[%clk 0:00:24]} 47. Ke1 {[%clk 0:02:28]} Ke7 {[%clk 0:00:28]} 48. Kd2
{[%clk 0:02:37]} Kd6 {[%clk 0:00:13]} 49. Kc3 {[%clk 0:02:46]} Kc6
{[%clk 0:00:22]} 50. Kb4 {[%clk 0:02:55]} Kb6 {[%clk 0:00:32]} 51. d5
{[%clk 0:02:53]} h5 {[%clk 0:00:23]} 52. h4 {[%clk 0:03:00]} 1-0